Reklama a marketing v liberalizovanej elektroenergetike

Saved in:
Bibliographic Details
Main Author: Polonec, Ľubomír, 1977- (Author)
Other Authors: Šimúnek, Josef (Thesis advisor)
Format: Manuscript Book
Language:Slovak
Published: Bratislava : STU v Bratislave FEI, 2002
Subjects:
Tags: Add Tag
No Tags, Be the first to tag this record!

MARC

LEADER 00000ntm a22000003a 4500
001 stu76182
005 20160719164757.8
008 020619s2002------------------------slo-d
040 |a STU  |b slo 
041 0 |a slo 
100 1 |a Polonec, Ľubomír,  |d 1977-  |4 aut  |X 38270  |7 A000038270 
245 1 |a Reklama a marketing v liberalizovanej elektroenergetike 
260 |a Bratislava :  |b STU v Bratislave FEI,  |c 2002 
300 |a 83 s 
650 7 |a Elektroenergetické a silnoprúdové inžinierstvo  |2 stusub 
700 1 |a Šimúnek, Josef  |4 ths